000 00788nam a2200325Ia 4500
001 2655
008 191123s9999 xx 000 0 und d
020 _a521495717
041 _aeng
044 _axxu
100 _aHart, Clive
245 0 _aHeaven and the flesh :
_bimagery of desire from the renaissance to the rococo.
260 _aNew York :
_bCambridge University Press,
_c1995.
300 _a237 p.
504 _aBibliografía pp. 216-230
650 _aEROTISMO
650 _aRENACIMIENTO
650 _aROCOCO
650 _aSIGLO XVII
650 _aSIGLO XVIII
700 _aStevenson, Kay Gilliland,
902 _aM
903 _am
904 _am
907 _aImpreso
911 _ailus. b/n; 25 cm
912 _a1995
942 _cLIBRO
999 _c2338
_d2338